LDR 01197naa#a2200217#i#450# 001 RU\\bibl\126633 005 20260704232951.6 011 ## _a2587-6740 100 ## _a20260615b2026####ek#y0rusy0150####ca 102 ## _aRU 200 1# _aБиоэкономика как фактор наращивания инновационного потенциала аграрных регионов: зарубежный опыт и адаптация в регионах России _eЖурнальная статья 210 1# _aМосква _cЭлектронная наука _d2026 215 ## _a5 с. 608 ## _aЖурнальная статья _2local 675 ## _aЭкономика сельского хозяйства. Продовольственный комплекс. 338.43 _aФакторы экономического развития. 330.341 _z 700 #1 _aБадмаев _gАндрей Хобисхалович 700 #1 _aБагинова _gВиктория Матвеевна 700 #1 _aРюмкин _gСергей Владимирович 700 #1 _aРюмкина _gИнга Николаевна 700 #1 _aМангутов _gАлександр Александрович 856 4# _aqje.su _u